Normal view
MARC view
- Saleemi, Mrs.Fouzia
Entry Personal Name
001 - CONTROL NUMBER
- control field: 103673
003 - CONTROL NUMBER IDENTIFIER
- control field: NUST
005 - DATE AND TIME OF LATEST TRANSACTION
- control field: 20221128123806.0
008 - FIXED-LENGTH DATA ELEMENTS
- fixed length control field: 221128|| aca||aabn | a|a d
040 ## - CATALOGING SOURCE
- Original cataloging agency: NUST
- Transcribing agency: NUST
100 ## - HEADING--PERSONAL NAME
- Personal name: Saleemi, Mrs.Fouzia
670 ## - SOURCE DATA FOUND
- Source citation: Work cat.: (NUST)189612: Saleemi, Mrs.Fouzia, Physics-12 / , 2011
